| 000 | 00587nai a2200181Ia 4500 | ||
|---|---|---|---|
| 003 | IN-BaIIA | ||
| 008 | 211028c9999 xx s 000 0 eng d | ||
| 022 | _a0932-4194 (Print) | ||
| 022 | _a1435-568X (Online) | ||
| 040 | _cIIA Library | ||
| 245 | 0 |
_aMathematics of Control, Signals, and Systems _h[eJournal] |
|
| 260 |
_aLondon _bSpringer London |
||
| 310 | _aQuarterly | ||
| 362 | _a10(1); 1997 - Present | ||
| 521 | _bSubscribed through National Knowledge Resource Consortium (NKRC) | ||
| 856 |
_uhttps://www.springer.com/journal/498 _yClick Here to Access eJournal |
||
| 942 | _cEJ | ||
| 999 |
_c35329 _d35329 |
||